Les inégalités ethnoculturelles après les théories de la justice (notice n° 1604009)

détails MARC
000 -LEADER
fixed length control field 02379cam a2200205 4500500
005 - DATE AND TIME OF LATEST TRANSACTION
control field 20251228093111.0
041 ## - LANGUAGE CODE
Language code of text/sound track or separate title fre
042 ## - AUTHENTICATION CODE
Authentication code dc
100 10 - MAIN ENTRY--PERSONAL NAME
Personal name Renaut, Alain
Relator term author
245 00 - TITLE STATEMENT
Title Les inégalités ethnoculturelles après les théories de la justice
260 ## - PUBLICATION, DISTRIBUTION, ETC.
Date of publication, distribution, etc. 2016.<br/>
500 ## - GENERAL NOTE
General note 87
520 ## - SUMMARY, ETC.
Summary, etc. Selon une démarche qui aborde les exigences d’une justice globale en partant des inégalisations les plus extrêmes, cette étude considère les interrogations sur le pluralisme des cultures sous deux angles principaux : celui où les injustices que subissent les sujets dans leurs identités culturelles font intersection avec les inégalités de genre ; celui où l’intersection est prise dans les inégalisations issues du changement climatique. Dans les deux cas, les atteintes au pluralisme des cultures sont interrogées sous leurs formes les plus radicales. L’objectif de cette démarche normative est de penser un interculturalisme raisonné, qui se fonde sur une pratique de la philosophie partant non de principes généraux de justice, mais des données contextuelles des situations injustes, celles des violences massives de genre ou celles des migrations issues de phénomènes d’origine climatique.
520 ## - SUMMARY, ETC.
Summary, etc. Taking extreme inequalities as a starting point to address demands of global justice, this study approaches cultural pluralism from two main angles. The first angle pays attention to intersections between cultural injustices and gender inequalities, while the second considers situations where cultural injustices are intertwined with inequalities derived from climate change. In both cases, we focus on extreme denials of cultural pluralism. Moving away from a general discussion of principles of justice, our normative and applied philosophical approach leads us to defend a form of reasonable “interculturalism”, which is the result of our engagement with the contextual data of extreme unjust situations such as mass rape or mass migrations provoked by climate change.
700 10 - ADDED ENTRY--PERSONAL NAME
Personal name Brown, Étienne
Relator term author
700 10 - ADDED ENTRY--PERSONAL NAME
Personal name Chartron, Marie-Pauline
Relator term author
700 10 - ADDED ENTRY--PERSONAL NAME
Personal name Lauvau, Geoffroy
Relator term author
786 0# - DATA SOURCE ENTRY
Note Revue de métaphysique et de morale | 91 | 3 | 2016-09-05 | p. 377-398 | 0035-1571
856 41 - ELECTRONIC LOCATION AND ACCESS
Uniform Resource Identifier <a href="https://shs.cairn.info/revue-de-metaphysique-et-de-morale-2016-3-page-377?lang=fr&redirect-ssocas=7080">https://shs.cairn.info/revue-de-metaphysique-et-de-morale-2016-3-page-377?lang=fr&redirect-ssocas=7080</a>

Pas d'exemplaire disponible.

PLUDOC

PLUDOC est la plateforme unique et centralisée de gestion des bibliothèques physiques et numériques de Guinée administré par le CEDUST. Elle est la plus grande base de données de ressources documentaires pour les Étudiants, Enseignants chercheurs et Chercheurs de Guinée.

Adresse

627 919 101/664 919 101

25 boulevard du commerce
Kaloum, Conakry, Guinée

Réseaux sociaux

Powered by Netsen Group @ 2025